1989-1990 business perspectives : corperations leading the Philippine economic boom.
| Corporate Author: | |
|---|---|
| Format: | Book |
| Published: |
Manila:
Philippine Business Profiles & Perspectives, Inc.,
1989.
|
| Subjects: |
| LEADER | 00551cam a2200157 7i4500 | ||
|---|---|---|---|
| 001 | 0000004577 | ||
| 005 | 19991025090000.0 | ||
| 002 | ##000006090 | ||
| 020 | 0 | 0 | |a T000004958 |
| 090 | 0 | 0 | |a STAT 338.7 |b BUS (PHIL) |
| 245 | 0 | 0 | |a 1989-1990 business perspectives : |b corperations leading the Philippine economic boom. |
| 260 | 0 | 0 | |a Manila: |b Philippine Business Profiles & Perspectives, Inc., |c 1989. |
| 650 | 0 | 0 | |a Business -- |z Philippine |
| 651 | 0 | 0 | |a Philippine |
| 710 | 2 | 1 | |a Center fo Research and Communications |
| 999 | |a 4870 |b Book |c Open shelf |e Business Information Centre | ||